Intellectual Property Rights, Development,and Catch-UP (Record no. 1198935)

MARC details
000 -LEADER
fixed length control field 00872nam a2200289Ia 4500
003 - CONTROL NUMBER IDENTIFIER
control field OSt
005 - DATE AND TIME OF LATEST TRANSACTION
control field 20221007112803.0
008 - FIXED-LENGTH DATA ELEMENTS--GENERAL INFORMATION
fixed length control field 221006b |||||||| |||| 00| 0 eng d
037 ## - SOURCE OF ACQUISITION
Terms of availability Textual
040 ## - CATALOGING SOURCE
Original cataloging agency LCO
Transcribing agency LCO
Language of cataloging eng
041 ## - LANGUAGE CODE
Source of code eng
Language code of text/sound track or separate title eng
100 ## - MAIN ENTRY--PERSONAL NAME
Personal name Odagiri Hiroyuki
245 #0 - TITLE STATEMENT
Title Intellectual Property Rights, Development,and Catch-UP
Remainder of title Nelson Richard R
250 ## - EDITION STATEMENT
Edition statement 1st
260 ## - PUBLICATION, DISTRIBUTION, ETC.
Place of publication, distribution, etc. New
Name of publisher, distributor, etc. York Oxford University Press U.S.A
Date of publication, distribution, etc. 2010
300 ## - PHYSICAL DESCRIPTION
Extent 451
650 ## - SUBJECT ADDED ENTRY--TOPICAL TERM
Topical term or geographic name entry element INTELLECTUAL PROPERTY RIGHTS
9 (RLIN) 416310
700 ## - ADDED ENTRY--PERSONAL NAME
Personal name Goto Akira
9 (RLIN) 649617
700 ## - ADDED ENTRY--PERSONAL NAME
Personal name Nelson Richard R
700 ## - ADDED ENTRY--PERSONAL NAME
Personal name Sunami Atsushi
9 (RLIN) 708808
942 ## - ADDED ENTRY ELEMENTS (KOHA)
Classification part Z2,267, Q0
Koha item type Textual
Holdings
Withdrawn status Lost status Damaged status Not for loan Home library Current library Date acquired Total Checkouts Full call number Barcode Date last seen Price effective from Koha item type
        Law Centre-I Library Law Centre-I Library 2022-10-07   Z2,267 Q0 LO1482416 2026-01-19 2022-10-07 Textual
Copyright @ Delhi University Library System